ბათუმის შოთა რუსთაველის სახელმწიფო უნივერსიტეტის ბიბლიოთეკა

Криминалистика (ბიბ.ჩანაწერი № 35969)

000 -LEADER
fixed length control field 00759nam a2200241Ia 4500
001 - CONTROL NUMBER
control field 1868
003 - CONTROL NUMBER IDENTIFIER
control field GE_BSU
005 - DATE AND TIME OF LATEST TRANSACTION
control field 20221007162508.0
008 - FIXED-LENGTH DATA ELEMENTS--GENERAL INFORMATION
fixed length control field 181216s2007ru xx |||||||||||||| ||rus||
020 ## - INTERNATIONAL STANDARD BOOK NUMBER
International Standard Book Number 978482013809
040 ## - CATALOGING SOURCE
Transcribing agency GE_BSU
041 ## - LANGUAGE CODE
Language code of text/sound track or separate title rus
080 ## - UNIVERSAL DECIMAL CLASSIFICATION NUMBER
Universal Decimal Classification number 343.93(075.8) Д-72
100 ## - MAIN ENTRY--PERSONAL NAME
Personal name Драпкин,Л.Я.
9 (RLIN) 15158
245 ## - TITLE STATEMENT
Title Криминалистика
Remainder of title Учебник : /
Statement of responsibility, etc. Л.Я. Драпкин, В.Н. Карагодин.
264 ## - PRODUCTION, PUBLICATION, DISTRIBUTION, MANUFACTURE, AND COPYRIGHT NOTICE
Place of production, publication, distribution, manufacture Москва :
Name of producer, publisher, distributor, manufacturer Проспект,
Date of production, publication, distribution, manufacture, or copyright notice 2007.
300 ## - PHYSICAL DESCRIPTION
Extent 6630 с.:
Other physical details 21 см.
653 ## - INDEX TERM--UNCONTROLLED
keyword Криминалистика
653 ## - INDEX TERM--UNCONTROLLED
keyword კრიმინალისტიკა
653 ## - INDEX TERM--UNCONTROLLED
keyword სამართალი
700 ## - ADDED ENTRY--PERSONAL NAME
Personal name Карагодин, В.Н.
9 (RLIN) 15159
942 ## - ADDED ENTRY ELEMENTS (KOHA)
Koha item type წიგნი
Source of classification or shelving scheme
ეგზემპლარები
Withdrawn status Lost status Source of classification or shelving scheme Damaged status Not for loan Permanent Location Current Location Shelving location Date acquired Cost, normal purchase price Full call number Barcode Date last seen Copy number Price effective from Koha item type Public note
          ბათუმის შოთა რუსთაველის სახელმწიფო უნივერსიტეტის მთავარი ბიბლიოთეკა ბათუმის შოთა რუსთაველის სახელმწიფო უნივერსიტეტის მთავარი ბიბლიოთეკა წიგნსაცავი 2018-12-17 25.00 343.93(075.8) Д-72 3900 2018-12-17 3900 2018-12-17 წიგნი 25.00